Teaching introductory physics

Saved in:
Bibliographic Details
Main Author: Arons, Arnold B (Author)
Format: Book
Language:English
Published: Nueva York John Wiley 1996
Subjects:
Tags: Add Tag
No Tags, Be the first to tag this record!

MARC

LEADER 00000nam a2200000 a 4500
001 UCS9627
003 CL-VaPUC
008 971121e19960000US |||||||||||||||||eng|d
082 0 4 |a 530.071  |b ARO  |2 21 
100 0 |a Arons, Arnold B  |e author  |9 394877 
245 1 0 |a Teaching introductory physics 
300 |a 153 p 
942 |c BK 
945 |d 19971121 00:00:00  |a rleighto 
260 |a Nueva York  |b John Wiley  |c 1996 
650 0 |a Física   |9 227844 
650 0 |a Estudio y enseñanza  |9 270395 
650 0 |a enseñanza de la física   |9 339846 
650 0 |a Dinámica  |9 260136 
650 0 |a Cinemática  |9 260942 
650 0 |a Energía   |9 259431 
650 0 |a Electricidad  |9 260222 
650 0 |a Electromagnetismo   |9 260123 
650 0 |a Ondas  |9 260165 
650 0 |a Luz  |9 263172 
650 7 |a FISICA MODERNA  |2 CL-VaPUC  |9 316548 
583 |a last modification  |c 19971121 00:00:00  |k Rodrigo Vera 
999 |c 263402  |d 263400